[Event "CZE-chT2A 0809"]
[Site "Czech Republic"]
[Date "2008.12.07"]
[Round "4.7"]
[White "Dolezel, Radovan"]
[Black "Koubek, Vaclav"]
[Result "0-1"]
[WhiteElo "2095"]
[BlackElo "2062"]
[PlyCount "62"]
[EventDate "2008.10.12"]
[EventType "team-tourn"]
[EventRounds "11"]
[EventCountry "CZE"]
[SourceTitle "EXT 2010"]
[Source "ChessBase"]
[SourceDate "2010.11.25"]
[SourceVersion "1"]
[SourceVersionDate "2010.11.25"]
[SourceQuality "1"]
[WhiteTeam "Pribram Pyrit"]
[BlackTeam "Zizkov"]
[WhiteTeamCountry "CZE"]
[BlackTeamCountry "CZE"]

1. Nf3 Nf6 2. g3 g6 3. Bg2 Bg7 4. d4 d5 5. c4 c6 6. Qb3 0-0 7. 0-0 b6 8. Nc3 Ba6 9. cxd5 cxd5 10. Ne5 e6 11. Bg5 h6 12. Bf4 Nfd7 13. Rac1 Nxe5 14. Bxe5 Bxe5 15. dxe5 Nc6 16. Qa4 Bb7 17. f4 a6 18. Rfd1 b5 19. Qc2 Qb6+ 20. Kh1 Nd4 21. Qd3 Nf5 22. Bf3 Rac8 23. e4 dxe4 24. Nxe4 Rcd8 25. Qe2 Kg7 26. b3 Ba8 27. b4 Bd5 28. Rd2 Bc4 29. Qg2 Qe3 30. Qf2 Qa3 31. g4 Qxc1+ 0-1

[Event "Czechia KP-chTA 0607"]
[Site "Czech Republic"]
[Date "2007.02.04"]
[Round "7.2"]
[White "Jacek, Miloslav"]
[Black "Dolezel, Radovan"]
[Result "1/2-1/2"]
[WhiteElo "2102"]
[BlackElo "2082"]
[PlyCount "36"]
[EventDate "2006.10.29"]
[EventType "team"]
[EventRounds "11"]
[EventCountry "CZE"]
[SourceTitle "EXT 2008"]
[Source "ChessBase"]
[SourceDate "2007.11.25"]
[SourceVersion "1"]
[SourceVersionDate "2007.11.25"]
[SourceQuality "1"]
[WhiteTeam "Emerge MB B"]
[BlackTeam "Pribram II"]
[WhiteTeamCountry "CZE"]
[BlackTeamCountry "CZE"]

1. e4 d5 2. exd5 Qxd5 3. Nc3 Qa5 4. d4 Nf6 5. Nf3 c6 6. Bd2 Qc7 7. Ne5 Bf5 8. Bf4 Qa5 9. Nc4 Qd8 10. Be2 e6 11. Bf3 h6 12. Qd2 Be7 13. 0-0 Nd5 14. Nxd5 cxd5 15. Ne5 0-0 16. Rfe1 Nd7 17. Nxd7 Qxd7 18. c3 Rfc8 1/2-1/2

[Event "Czechia KP-chTA 0607"]
[Site "Czech Republic"]
[Date "2006.11.26"]
[Round "3.2"]
[White "Zahorbensky, Jaroslav"]
[Black "Dolezel, Radovan"]
[Result "1/2-1/2"]
[WhiteElo "2170"]
[BlackElo "2082"]
[PlyCount "36"]
[EventDate "2006.10.29"]
[EventType "team"]
[EventRounds "11"]
[EventCountry "CZE"]
[SourceTitle "EXT 2008"]
[Source "ChessBase"]
[SourceDate "2007.11.25"]
[SourceVersion "1"]
[SourceVersionDate "2007.11.25"]
[SourceQuality "1"]
[WhiteTeam "Bakov nad Jizerou"]
[BlackTeam "Pribram II"]
[WhiteTeamCountry "CZE"]
[BlackTeamCountry "CZE"]

1. e4 d5 2. exd5 Qxd5 3. Nc3 Qa5 4. d4 Nf6 5. Nf3 c6 6. Bd3 Bg4 7. h3 Bh5 8. a3 e6 9. 0-0 Bd6 10. Bd2 Qc7 11. Ne4 Nxe4 12. Bxe4 Nd7 13. Rc1 Nf6 14. Bd3 Rd8 15. Be3 0-0 16. g4 Bg6 17. Bxg6 hxg6 18. c3 Bf4 1/2-1/2

[Event "Czechia KP-chTA 0607"]
[Site "Czech Republic"]
[Date "2006.11.12"]
[Round "2.2"]
[White "Dolezel, Radovan"]
[Black "Jandourek, Lukas"]
[Result "0-1"]
[WhiteElo "2082"]
[BlackElo "2249"]
[PlyCount "71"]
[EventDate "2006.10.29"]
[EventType "team"]
[EventRounds "11"]
[EventCountry "CZE"]
[SourceTitle "EXT 2008"]
[Source "ChessBase"]
[SourceDate "2007.11.25"]
[SourceVersion "1"]
[SourceVersionDate "2007.11.25"]
[SourceQuality "1"]
[WhiteTeam "Pribram II"]
[BlackTeam "Tisice"]
[WhiteTeamCountry "CZE"]
[BlackTeamCountry "CZE"]

1. Nf3 d5 2. g3 Nf6 3. Bg2 Bf5 4. c4 c6 5. b3 e6 6. Bb2 h6 7. 0-0 Nbd7 8. d3 Be7 9. Nbd2 0-0 10. Re1 Bh7 11. Qc2 a5 12. h3 Qb6 13. Rac1 Qa6 14. a3 Rfd8 15. Qc3 Qb6 16. cxd5 cxd5 17. Qc7 Qa6 18. Qf4 Rac8 19. Bf1 Qb6 20. Bg2 Bd6 21. Qh4 Bf8 22. g4 Rc7 23. Rxc7 Qxc7 24. g5 hxg5 25. Nxg5 Rc8 26. Rc1 Qb8 27. Nxh7 Rxc1+ 28. Bxc1 Nxh7 29. Nf3 Qc7 30. Bd2 Qc2 31. Bxa5 Qxe2 32. Qd8 Nc5 33. Bb4 Nxd3 34. Bxf8 Qxf2+ 35. Kh1 Nxf8 36. Qg5 0-1

[Event "CZE-chT2a 0405"]
[Site "Czech Republic"]
[Date "2004.12.19"]
[Round "5.7"]
[White "Bartos, Alois"]
[Black "Dolezel, Radovan"]
[Result "1/2-1/2"]
[WhiteElo "2070"]
[BlackElo "2087"]
[PlyCount "84"]
[EventDate "2004.10.17"]
[EventType "team"]
[EventRounds "11"]
[EventCountry "CZE"]
[SourceTitle "EXT 2007"]
[Source "ChessBase"]
[SourceDate "2006.11.23"]
[SourceVersion "1"]
[SourceVersionDate "2006.11.23"]
[SourceQuality "1"]
[WhiteTeam "Tabor II"]
[BlackTeam "Pribram"]
[WhiteTeamCountry "CZE"]
[BlackTeamCountry "CZE"]

1. e4 d5 2. exd5 Qxd5 3. Nc3 Qa5 4. d4 Nf6 5. Nf3 Bg4 6. Bc4 e6 7. 0-0 c6 8. Re1 Bd6 9. h3 Bxf3 10. Qxf3 0-0 11. Be3 Nbd7 12. Ne4 Nxe4 13. Qxe4 Nf6 14. Qh4 Qh5 15. Qxh5 Nxh5 16. Be2 Nf4 17. Bf3 h6 18. c4 Rfd8 19. Red1 Rd7 20. h4 Ng6 21. g3 Ne7 22. g4 Bc7 23. Rd3 Bb6 24. Rad1 Rad8 25. Be2 h5 26. c5 Bc7 27. gxh5 Nf5 28. Bg4 Rd5 29. Bf3 R5d7 30. Be2 Nxe3 31. fxe3 Bg3 32. Bf3 Bxh4 33. e4 Bf6 34. d5 exd5 35. exd5 cxd5 36. Bxd5 Kf8 37. b4 Be7 38. a4 a5 39. bxa5 Bxc5+ 40. Kf1 Bb4 41. Bc4 Rxd3 42. Rxd3 Rxd3 1/2-1/2

[Event "CZE-chT2J 0203"]
[Site "Czech Republic"]
[Date "2003.??.??"]
[Round "6"]
[White "Domlatil, Jiri"]
[Black "Dolezel, Radovan"]
[Result "1/2-1/2"]
[WhiteElo "2107"]
[BlackElo "2087"]
[PlyCount "31"]
[EventDate "2002.10.??"]
[EventType "team"]
[EventRounds "11"]
[EventCountry "CZE"]
[SourceTitle "EXT 2007"]
[Source "ChessBase"]
[SourceDate "2006.11.23"]
[SourceVersion "1"]
[SourceVersionDate "2006.11.23"]
[SourceQuality "1"]

1. e4 d5 2. exd5 Qxd5 3. Nc3 Qa5 4. d4 Nf6 5. Bd2 c6 6. Bc4 Qb6 7. Nf3 Bf5 8. 0-0 e6 9. Bb3 Bd6 10. Re1 0-0 11. Bg5 Nbd7 12. Ne5 Qc7 13. Qe2 a6 14. h4 h6 15. Bf4 c5 16. Nxd7 1/2-1/2

[Event "CZE-chTJ 0102"]
[Site "Czech Republic"]
[Date "2002.??.??"]
[Round "5"]
[White "Bartos, Alois"]
[Black "Dolezel, Radovan"]
[Result "1-0"]
[WhiteElo "2101"]
[BlackElo "2103"]
[PlyCount "53"]
[EventDate "2001.??.??"]
[EventType "team"]
[EventRounds "11"]
[EventCountry "CZE"]
[SourceTitle "EXT 2003"]
[Source "ChessBase"]
[SourceDate "2002.11.25"]
[SourceVersion "1"]
[SourceVersionDate "2002.11.25"]
[SourceQuality "1"]
[WhiteTeam "Tabor II"]
[BlackTeam "Pribram"]
[WhiteTeamCountry "CZE"]
[BlackTeamCountry "CZE"]

1. e4 d5 2. exd5 Qxd5 3. Nc3 Qa5 4. d4 Nf6 5. Bd2 c6 6. Bc4 Qc7 7. Nf3 Bg4 8. Qe2 e6 9. h3 Bh5 10. g4 Bg6 11. Ne5 Bb4 12. 0-0-0 Nbd7 13. Kb1 Nxe5 14. dxe5 Nd7 15. Rhe1 0-0-0 16. a3 Be7 17. f4 h5 18. Rf1 hxg4 19. hxg4 Rh4 20. Rh1 Rdh8 21. Rxh4 Rxh4 22. Be1 Rh8 23. Bg3 Qa5 24. f5 exf5 25. e6 Bf6 26. exd7+ Kd8 27. Re1 1-0

[Event "CZE-chTJ 0001"]
[Site "Czech Republic"]
[Date "2001.??.??"]
[Round "7"]
[White "Hadzala, Daniel"]
[Black "Dolezel, Radovan"]
[Result "1-0"]
[WhiteElo "2140"]
[BlackElo "2110"]
[PlyCount "59"]
[EventDate "2000.??.??"]
[EventType "team"]
[EventRounds "11"]
[EventCountry "CZE"]
[SourceTitle "EXT 2003"]
[Source "ChessBase"]
[SourceDate "2002.11.25"]
[SourceVersion "1"]
[SourceVersionDate "2002.11.25"]
[SourceQuality "1"]

1. Nf3 Nf6 2. g3 g6 3. c4 Bg7 4. d4 c5 5. Bg2 0-0 6. Nc3 cxd4 7. Nxd4 Nc6 8. 0-0 Nxd4 9. Qxd4 d6 10. b3 Qa5 11. Bb2 Nd7 12. Qd2 Rb8 13. Rfd1 Re8 14. a3 a6 15. Rac1 Qh5 16. Nd5 Bxb2 17. Qxb2 b6 18. Rd4 Qe5 19. Qd2 Nc5 20. Rc3 Ne6 21. Re4 Qg7 22. b4 Bb7 23. Rc1 h6 24. h4 Bc8 25. Qe3 b5 26. c5 dxc5 27. bxc5 a5 28. c6 Nf8 29. c7 Rb7 30. Rxe7 1-0

[Event "CZE-chTJ 0001"]
[Site "Czech Republic"]
[Date "2000.??.??"]
[Round "7"]
[White "Dolezel, Radovan"]
[Black "Krutina, Miroslav"]
[Result "1/2-1/2"]
[WhiteElo "2110"]
[BlackElo "2030"]
[PlyCount "87"]
[EventDate "2000.??.??"]
[EventType "team"]
[EventRounds "11"]
[EventCountry "CZE"]
[SourceTitle "EXT 2002"]
[Source "ChessBase"]
[SourceDate "2001.11.25"]
[SourceVersion "1"]
[SourceVersionDate "2001.11.25"]
[SourceQuality "1"]

1. Nf3 Nf6 2. g3 g6 3. Bg2 Bg7 4. d4 c6 5. c4 d5 6. 0-0 0-0 7. Qb3 dxc4 8. Qxc4 Nbd7 9. Nc3 Nb6 10. Qd3 Be6 11. Rd1 Bc4 12. Qc2 Nfd5 13. e4 Nb4 14. Qb1 Be6 15. a3 Na6 16. Qc2 Rc8 17. b4 f6 18. Na4 Nxa4 19. Qxa4 Qe8 20. Be3 Qf7 21. Rab1 Nc7 22. Qc2 Nb5 23. Qb2 Nd6 24. Nd2 a6 25. a4 Rfd8 26. Rbc1 Kh8 27. Rc3 h6 28. Rdc1 Qg8 29. Bf1 Re8 30. Bf4 Red8 31. Be3 Re8 32. f3 Rcd8 33. Rc5 Bf7 34. Nc4 Kh7 35. Nd2 e5 36. dxe5 Rxe5 37. Rxe5 fxe5 38. Bb6 Rd7 39. Bc5 Nc8 40. Be3 Be6 41. b5 axb5 42. axb5 cxb5 43. Bxb5 Rf7 44. Kg2 1/2-1/2